| 000 | 00782nam a2200205 4500 | ||
|---|---|---|---|
| 001 | 122542 | ||
| 003 | ES-MaACL | ||
| 005 | 20250913172221.0 | ||
| 007 | t| | ||
| 008 | 070214s1975 sp r ||||1| spa d | ||
| 245 | 0 | 0 |
_aPrivilegios Reales y viejos documentos de Arcos de la Frontera / _cpresentación por Carlos Romero de Lecea ; Arcos de la Frontera por Carlos Martínez de Campos y Serrano ; glosas por Jesús de las Cuevas. |
| 260 |
_aMadrid : _bJoyas Bibliográficas, _c1975. |
||
| 300 |
_a13 cuad. ; _c36 cm. |
||
| 500 | _aReprod. facs. | ||
| 700 | 1 |
_aRomero de Lecea, Carlos. _999371 |
|
| 700 | 1 |
_aMartínez de Campos y Serrano, Carlos, _d1887-1975 _977985 |
|
| 700 | 1 |
_aCuevas, Jesús de las. _942097 |
|
| 852 |
_aES-MaACL _jA-5555 _bR.94490 |
||
| 999 |
_c122542 _d122542 |
||